00680nam a2200241 a 4500001001300000003000900013005001700022008004100039020002300080082001500103100001600118245002000134260004200154300000900196500003500205505001000240650001100250700001600261902000800277942000700285952013100292999001500423nice12345678IN_TiNIC20260116012728.0050524s1988 cana grp 000 0 eng  a0888734 c10000a224.1bHAR aHarlow, R E aProphet Isaiah. aCanadabEvery Day Publications c1988 a304p aincludes index and biblioraphy2 aIndex aIsaiah1 aHarlow, R E bSRS cBK 001040708StackRoom-aHMIbHMId2007-06-19g100.00l1m1o224.1 HARp013733r2017-06-22s2017-02-17v100.00w2005-05-24yBK c8131d8131